| 000 | 00893nam a2200217 a 4500 | ||
|---|---|---|---|
| 001 | 000014852 | ||
| 005 | 20200929163916.0 | ||
| 008 | 100123r19892004pr ac 000 0 spa d | ||
| 020 | _a0942347897 | ||
| 040 |
_aDO-SdBNP _bspa _cBNPHU |
||
| 082 |
_aRP864.44 _bP619a |
||
| 100 | 1 |
_aPiñero de Rivera, Flor, _933654 |
|
| 245 | 1 | 0 |
_aArturo Schomburg, un puertorriqueño descrubre el legado histórico del negro : _bsus escritos anotados y apéndices / _cFlor Piñero de Rivera ; prólogo de Ricardo E. Alegría. |
| 260 |
_aSan Juan, Puerto Rico : _bCentro de Estudios Avanzados de Puerto Rico y el Caribe, _c1989. |
||
| 300 |
_a305 p. : _bil., retrs. ; _c23 cm. |
||
| 500 | _aLa biblioteca posse la 2a reimpresión del 2004 | ||
| 650 | 4 |
_aEnsayos puertorriqueños _98892 |
|
| 650 | 4 |
_aLiteratura puertorriqueña _ySIGLO XX _95311 |
|
| 700 | 1 |
_aAlegría, Ricardo E., _epról. _916236 |
|
| 049 | _aBNGR | ||
| 999 |
_c14432 _d14432 |
||